00791nam a2200229 a 450000100060000000300080000600500170001400800410003103500190007204000260009104100080011708200250012510000460015024500760019626000390027230000290031150400300034065000210037094200120039199900170040395201410042064795BD-RjUL20211209081342.0170222s1947 nyuabc b 001 0 eng  a(BD-RjUL)64925 aDLCcPUdBD-RjULbeng aeng0 a956.94223bSAS 19471 aSankowsky, Suzanne Harris,d1906-919212812aA short history of Zionism /cPictorial statistics by Itzhak Sankowsky. aNew York :bBloch Pub. Co.,c1947. a223 p. :bill, ;c22 cm. aBibliography: p. 220-223. 0aZionism.9191744 2ddccBK c64795d64795 00102ddc40718NFICaRUCLbRUCLcReadingd1966-11-09eA.I. quresrig9.60l0o956.94 SAS 1947r2017-02-22 00:00:00tC-1w2017-02-22yBK